[Event "Wch U12"]
[Site "Vung Tau"]
[Date "2008.10.29"]
[Round "10"]
[White "Girish, A Koushnik"]
[Black "Akhmetov, Ayan"]
[Result "1-0"]
[WhiteElo "2161"]
[BlackElo "1980"]
[PlyCount "75"]
[EventDate "2008.10.20"]
[EventType "swiss"]
[EventRounds "11"]
[EventCountry "VIE"]
[SourceTitle "EXT 2009"]
[Source "ChessBase"]
[SourceDate "2008.11.26"]
[SourceVersion "1"]
[SourceVersionDate "2008.11.26"]
[SourceQuality "1"]

1. d4 Nf6 2. Nf3 d5 3. c4 c6 4. Nc3 e6 5. e3 Nbd7 6. Qc2 Be7 7. Bd3 dxc4 8.
Bxc4 b5 9. Be2 a6 10. O-O O-O 11. e4 Bb7 12. e5 Nd5 13. Nxd5 cxd5 14. Bd3 h6
15. Be3 Nb6 16. b3 Bb4 17. g3 Rc8 18. Qe2 Bc3 19. Rac1 Qe7 20. Bb1 f5 21. exf6
Qxf6 22. Qd3 Bb2 23. Ne5 Rfd8 24. Qh7+ Kf8 25. Ng4 Qf7 26. Nxh6 gxh6 27. Bxh6+
Ke7 28. Bg5+ Kf8 29. Qh8+ Qg8 30. Qf6+ Qf7 31. Bh6+ Kg8 32. Qg5+ Kh8 33. Bg6
Qd7 34. Qe5+ Kg8 35. Rce1 Rc7 36. Re3 Qd6 37. Qg5 Bxd4 38. Rxe6 1-0

[Event "Wch U12"]
[Site "Vung Tau"]
[Date "2008.10.30"]
[Round "11"]
[White "Yang, Darwin"]
[Black "Girish, A Koushnik"]
[Result "1/2-1/2"]
[WhiteElo "2182"]
[BlackElo "2161"]
[PlyCount "94"]
[EventDate "2008.10.20"]
[EventType "swiss"]
[EventRounds "11"]
[EventCountry "VIE"]
[SourceTitle "EXT 2009"]
[Source "ChessBase"]
[SourceDate "2008.11.26"]
[SourceVersion "1"]
[SourceVersionDate "2008.11.26"]
[SourceQuality "1"]

1. d4 Nf6 2. c4 g6 3. Nc3 d5 4. Nf3 Bg7 5. Bg5 dxc4 6. e4 O-O 7. Bxc4 Bg4 8.
Qd3 Nc6 9. O-O-O Nd7 10. e5 Nb6 11. h3 Bxf3 12. gxf3 Na5 13. Bb3 Nxb3+ 14. axb3
a5 15. f4 a4 16. bxa4 Nxa4 17. f5 Nxc3 18. Qxc3 f6 19. Be3 Qd5 20. fxg6 hxg6
21. exf6 Rxf6 22. Qd3 Ra1+ 23. Kd2 Ra2 24. Rb1 Rb6 25. Rhc1 Rbxb2+ 26. Rxb2
Rxb2+ 27. Rc2 Rxc2+ 28. Qxc2 Bxd4 29. Qxg6+ Bg7+ 30. Ke2 Qa2+ 31. Kd1 Qa4+ 32.
Ke1 Qa5+ 33. Kd1 Qd5+ 34. Ke2 Qf7 35. Qg4 Qa2+ 36. Kf1 Qa6+ 37. Kg1 Qc6 38. h4
Kf7 39. h5 Qe6 40. Qf3+ Bf6 41. h6 Kg6 42. Qxb7 Qg4+ 43. Kf1 Qd1+ 44. Kg2 Qg4+
45. Kh1 Qh5+ 46. Kg1 Qd1+ 47. Kg2 Qg4+ 1/2-1/2

[Event "Groningen op-A"]
[Site "Groningen"]
[Date "2008.12.24"]
[Round "4"]
[White "Giri, Anish"]
[Black "Ernst, Sipke"]
[Result "1/2-1/2"]
[WhiteElo "2466"]
[BlackElo "2576"]
[PlyCount "70"]
[EventDate "2008.12.21"]
[EventType "swiss"]
[EventRounds "9"]
[EventCountry "NED"]
[SourceTitle "CBM 127 Extra"]
[Source "ChessBase"]
[SourceDate "2009.01.08"]
[SourceVersion "2"]
[SourceVersionDate "2009.01.28"]
[SourceQuality "1"]

1. d4 d5 2. c4 c6 3. Nc3 Nf6 4. e3 g6 5. Nf3 Bg7 6. Be2 O-O 7. O-O a6 8. b3 Ne4
9. Bb2 Nxc3 10. Bxc3 Bg4 11. cxd5 cxd5 12. h3 Bxf3 13. Bxf3 e6 14. Bb4 Re8 15.
Qd2 Nc6 16. Bc5 b6 17. Ba3 Qd7 18. Be2 Bf8 19. Bxf8 Rxf8 20. Rfc1 Rfc8 21. Rc2
Qd6 22. Rac1 a5 23. h4 Ne7 24. g3 h5 25. Kg2 Kg7 26. Bd3 Rxc2 27. Rxc2 Rc8 28.
Qc1 Rxc2 29. Qxc2 Nc6 30. Qc3 Nb4 31. Bb1 Nc6 32. Bd3 Nb4 33. Bb1 Qc6 34. Qd2
Qc7 35. Bd3 Nxd3 1/2-1/2

[Event "Delft Prinsenstad op-A"]
[Site "Delft"]
[Date "2009.01.02"]
[Round "1"]
[White "Giri, Anish"]
[Black "Speck, Stefan"]
[Result "1-0"]
[WhiteElo "2447"]
[BlackElo "2062"]
[PlyCount "51"]
[EventDate "2009.01.02"]
[EventType "swiss"]
[EventRounds "6"]
[EventCountry "NED"]
[SourceTitle "EXT 2011"]
[Source "ChessBase"]
[SourceDate "2010.11.26"]
[SourceVersion "1"]
[SourceVersionDate "2010.11.26"]
[SourceQuality "1"]

1. e4 d5 2. exd5 Nf6 3. d4 Bg4 4. Be2 Bxe2 5. Qxe2 Qxd5 6. Nf3 e6 7. O-O c6 8.
c4 Qh5 9. Nc3 Bd6 10. d5 e5 11. Rd1 c5 12. Nb5 Kd7 13. Qc2 a6 14. Nxd6 Kxd6 15.
b4 Nfd7 16. Ba3 cxb4 17. Bxb4+ Kc7 18. c5 a5 19. c6 Qg6 20. d6+ Kb6 21. cxb7
Ra6 22. Qc7+ Ka7 23. Bc5+ Nxc5 24. Qxc5+ Kxb7 25. Rab1+ Ka8 26. Qd5+ 1-0

[Event "Delft Prinsenstad op-A"]
[Site "Delft"]
[Date "2009.01.03"]
[Round "3"]
[White "Giri, Anish"]
[Black "Steffens, Olaf"]
[Result "1-0"]
[WhiteElo "2447"]
[BlackElo "2251"]
[PlyCount "45"]
[EventDate "2009.01.02"]
[EventType "swiss"]
[EventRounds "6"]
[EventCountry "NED"]
[SourceTitle "EXT 2011"]
[Source "ChessBase"]
[SourceDate "2010.11.26"]
[SourceVersion "1"]
[SourceVersionDate "2010.11.26"]
[SourceQuality "1"]

1. d4 Na6 2. e4 c6 3. Nc3 Nc7 4. Nf3 g6 5. Bd3 Bg7 6. h3 d6 7. Be3 f5 8. Qd2
fxe4 9. Nxe4 Nd5 10. Bg5 Bf5 11. O-O Qd7 12. c4 Ndf6 13. Rfe1 h6 14. Bxf6 Nxf6
15. Nh4 Nxe4 16. Bxe4 Bf6 17. Nxg6 Bxe4 18. Rxe4 Rg8 19. Nxe7 Bxe7 20. Rae1
O-O-O 21. Rxe7 Qxh3 22. f4 Rdf8 23. Re8+ 1-0

[Event "Delft Prinsenstad op-A"]
[Site "Delft"]
[Date "2009.01.04"]
[Round "6"]
[White "Reinderman, Dimitri"]
[Black "Giri, Anish"]
[Result "1/2-1/2"]
[WhiteElo "2545"]
[BlackElo "2447"]
[PlyCount "52"]
[EventDate "2009.01.02"]
[EventType "swiss"]
[EventRounds "6"]
[EventCountry "NED"]
[SourceTitle "EXT 2011"]
[Source "ChessBase"]
[SourceDate "2010.11.26"]
[SourceVersion "1"]
[SourceVersionDate "2010.11.26"]
[SourceQuality "1"]

1. e4 c5 2. Nf3 e6 3. d4 cxd4 4. Nxd4 Nc6 5. Nc3 Qc7 6. Be3 a6 7. Be2 Nf6 8. a3
Be7 9. f4 d6 10. g4 Nd7 11. g5 b5 12. O-O Bb7 13. f5 Nxd4 14. Bxd4 e5 15. Be3
Nb6 16. f6 gxf6 17. gxf6 Bf8 18. Kh1 Rg8 19. Bxb6 Qxb6 20. Nd5 Qc5 21. b4 Qc8
22. Rf2 Qh3 23. Nc7+ Kd8 24. Nxa8 Qh4 25. Qf1 Bxa8 26. Bf3 Rg6 1/2-1/2

[Event "Neckar op-A 13th"]
[Site "Deizisau"]
[Date "2009.04.10"]
[Round "3"]
[White "Deglmann, Ludwig"]
[Black "Giri, Anish"]
[Result "1-0"]
[WhiteElo "2329"]
[BlackElo "2517"]
[PlyCount "81"]
[EventDate "2009.04.09"]
[EventType "swiss"]
[EventRounds "9"]
[EventCountry "GER"]
[SourceTitle "EXT 2015"]
[Source "ChessBase"]
[SourceDate "2014.11.20"]
[SourceVersion "1"]
[SourceVersionDate "2014.11.20"]
[SourceQuality "1"]

1. g3 d5 2. Nf3 c6 3. Bg2 Bg4 4. O-O Nd7 5. d3 Ngf6 6. Nbd2 e5 7. Qe1 Bd6 8. e4
O-O 9. h3 Bh5 10. Nh4 Re8 11. Nf5 Bf8 12. Nb3 a5 13. a4 Nc5 14. Nxc5 Bxc5 15.
g4 Bg6 16. Qe2 dxe4 17. dxe4 Nd7 18. Rd1 Qc7 19. Qc4 b6 20. c3 Bf8 21. Be3 Nc5
22. h4 h5 23. Qe2 Nd7 24. Ng3 hxg4 25. h5 Bh7 26. Qxg4 Nf6 27. Qh4 Bc5 28. Bg5
Nd7 29. Bh3 Nf8 30. h6 g6 31. Bf6 Ne6 32. Rd2 b5 33. Rad1 Nf4 34. Bg4 bxa4 35.
Rd7 Bxf2+ 36. Kxf2 Qb6+ 37. Kf1 Qxb2 38. Ne2 Nxe2 39. Bxe2 Qb3 40. Be7 Qxc3 41.
R1d3 1-0

[Event "Neckar op-A 13th"]
[Site "Deizisau"]
[Date "2009.04.12"]
[Round "7"]
[White "Miedema, David"]
[Black "Giri, Anish"]
[Result "1-0"]
[WhiteElo "2370"]
[BlackElo "2517"]
[PlyCount "69"]
[EventDate "2009.04.09"]
[EventType "swiss"]
[EventRounds "9"]
[EventCountry "GER"]
[SourceTitle "EXT 2015"]
[Source "ChessBase"]
[SourceDate "2014.11.20"]
[SourceVersion "1"]
[SourceVersionDate "2014.11.20"]
[SourceQuality "1"]

1. d4 d5 2. c4 c6 3. Nc3 Nf6 4. e3 e6 5. Nf3 Nbd7 6. Qc2 Bd6 7. e4 dxe4 8. Nxe4
Nxe4 9. Qxe4 e5 10. dxe5 O-O 11. exd6 Re8 12. Qxe8+ Qxe8+ 13. Be3 Nf6 14. Bd3
c5 15. O-O-O Be6 16. Kb1 Qc8 17. Ne5 Ng4 18. Nxg4 Bxg4 19. f3 Be6 20. Rhe1 Rb8
21. Bf4 Qd7 22. g4 b5 23. Rc1 bxc4 24. Bxc4 Bxc4 25. Rxc4 g5 26. Be5 f6 27. Bg3
Qb5 28. Rc2 Qd3 29. d7 Rf8 30. Re7 c4 31. Kc1 Qxf3 32. Re8 Qf1+ 33. Be1 Kf7 34.
Rxf8+ Kg7 35. Re8 1-0

[Event "Bussum op"]
[Site "Bussum"]
[Date "2009.06.01"]
[Round "6"]
[White "Giri, Anish"]
[Black "Danin, Alexandre"]
[Result "1/2-1/2"]
[WhiteElo "2517"]
[BlackElo "2498"]
[PlyCount "53"]
[EventDate "2009.05.29"]
[EventType "swiss"]
[EventRounds "7"]
[EventCountry "NED"]
[SourceTitle "CBM 130 Extra"]
[Source "ChessBase"]
[SourceDate "2009.07.02"]
[SourceVersion "2"]
[SourceVersionDate "2009.07.15"]
[SourceQuality "1"]

1. d4 Nf6 2. c4 g6 3. Nc3 d5 4. cxd5 Nxd5 5. e4 Nxc3 6. bxc3 Bg7 7. Bc4 c5 8.
Ne2 Nc6 9. Be3 O-O 10. O-O Na5 11. Bd3 b6 12. Rc1 e5 13. dxc5 Be6 14. c4 bxc5
15. Bxc5 Bh6 16. Rc3 Re8 17. Be3 Bxe3 18. fxe3 Qg5 19. Qc1 Red8 20. Kh1 Nb7 21.
c5 Nxc5 22. Rxc5 Rxd3 23. Nf4 Rd6 24. Qa1 Rad8 25. Rxe5 Qg4 26. h3 Qg3 27. Qe1
1/2-1/2

[Event "Bussum op"]
[Site "Bussum"]
[Date "2009.06.01"]
[Round "7"]
[White "Giri, Anish"]
[Black "Miezis, Normunds"]
[Result "1/2-1/2"]
[WhiteElo "2517"]
[BlackElo "2579"]
[PlyCount "138"]
[EventDate "2009.05.29"]
[EventType "swiss"]
[EventRounds "7"]
[EventCountry "NED"]
[SourceTitle "CBM 130 Extra"]
[Source "ChessBase"]
[SourceDate "2009.07.02"]
[SourceVersion "2"]
[SourceVersionDate "2009.07.15"]
[SourceQuality "1"]

1. e4 c5 2. Nf3 e6 3. d4 cxd4 4. Nxd4 a6 5. Be2 Nc6 6. O-O Nge7 7. Nb3 d5 8.
N1d2 Ng6 9. exd5 exd5 10. c4 Be6 11. Nf3 dxc4 12. Nbd4 Bd5 13. Nxc6 bxc6 14.
Bg5 Qa5 15. Qd4 f6 16. Bd2 Qd8 17. Bc3 Bd6 18. Bxc4 Ne7 19. Bxd5 cxd5 20. Qg4
O-O 21. Rfe1 Qc8 22. Re6 Ng6 23. h3 Bc5 24. Rae1 Ra7 25. Bd4 Rb7 26. Rxa6 Qxg4
27. hxg4 Bxd4 28. Nxd4 Rxb2 29. Ra7 Rfb8 30. Nf5 R2b7 31. Re8+ Rxe8 32. Rxb7
Re1+ 33. Kh2 Re2 34. Kg3 Rxa2 35. Rxg7+ Kf8 36. Rxh7 Ne5 37. f3 Rd2 38. Nd6 Rc2
39. Rb7 Kg8 40. Nf5 Kf8 41. Ra7 Rd2 42. Nd6 Kg8 43. Ne8 Nc6 44. Nxf6+ Kf8 45.
Rh7 Ne7 46. Nd7+ Ke8 47. Ne5 Kd8 48. f4 d4 49. Rh8+ Kc7 50. Rh7 Kd8 51. Rh1 Nd5
52. Nf3 Rd3 53. g5 Ne3 54. Rb1 Ke7 55. Rb6 Rd1 56. g6 d3 57. Rb7+ Kf6 58. Rd7
d2 59. g7 Nf5+ 60. Kf2 Nxg7 61. Nxd2 Ra1 62. Nf3 Ne6 63. g3 Ra2+ 64. Rd2 Ra3
65. Re2 Ra4 66. Ke3 Ra3+ 67. Kf2 Ra4 68. Rb2 Nxf4 69. gxf4 Rxf4 1/2-1/2

[Event "Utrecht OKU op"]
[Site "Utrecht"]
[Date "2009.06.07"]
[Round "6"]
[White "Giri, Anish"]
[Black "Meijers, Viesturs"]
[Result "1-0"]
[WhiteElo "2517"]
[BlackElo "2458"]
[PlyCount "83"]
[EventDate "2009.06.05"]
[EventType "swiss"]
[EventRounds "6"]
[EventCountry "NED"]
[SourceTitle "CBM 130 Extra"]
[Source "ChessBase"]
[SourceDate "2009.07.02"]
[SourceVersion "2"]
[SourceVersionDate "2009.07.15"]
[SourceQuality "1"]

1. d4 d5 2. c4 e6 3. Nc3 Nf6 4. cxd5 exd5 5. Bg5 Be7 6. e3 Nbd7 7. Bd3 O-O 8.
Nge2 c5 9. dxc5 Nxc5 10. O-O h6 11. Bh4 Nxd3 12. Qxd3 Be6 13. Nf4 Qd7 14. Bxf6
Bxf6 15. Ncxd5 Bxd5 16. Nxd5 Kh8 17. Rad1 Rad8 18. Qe4 g6 19. Nxf6 Qxd1 20. Qf4
g5 21. Qf5 Kg7 22. Qe5 Kh8 23. f4 Qc2 24. fxg5 Rd1 25. Rxd1 Qxd1+ 26. Kf2 hxg5
27. h3 Qa4 28. Nh5+ f6 29. Qe7 Rg8 30. Qxf6+ Kh7 31. Qf7+ Kh8 32. Nf6 Qc2+ 33.
Kg3 Rc8 34. Ne8 Qxb2 35. Qf8+ Kh7 36. Qf5+ Kh6 37. Qe6+ Kh7 38. Qxc8 Qe5+ 39.
Kf2 Qb2+ 40. Kf3 Qxa2 41. Qd7+ Kg6 42. Qg7+ 1-0

[Event "Balaguer op 14th"]
[Site "Balaguer"]
[Date "2009.07.14"]
[Round "2"]
[White "Mateo, Ramon"]
[Black "Girish, A Koushnik"]
[Result "1/2-1/2"]
[WhiteElo "2473"]
[BlackElo "2270"]
[PlyCount "69"]
[EventDate "2009.07.13"]
[EventType "swiss"]
[EventRounds "10"]
[EventCountry "ESP"]
[SourceTitle "CBM 131 Extra"]
[Source "ChessBase"]
[SourceDate "2009.09.03"]
[SourceVersion "2"]
[SourceVersionDate "2009.09.16"]
[SourceQuality "1"]

1. d4 Nf6 2. c4 g6 3. Nc3 d5 4. Bg5 Bg7 5. Bxf6 Bxf6 6. cxd5 c6 7. e3 cxd5 8.
Qb3 e6 9. f4 O-O 10. Nf3 Nc6 11. Bd3 Bd7 12. O-O Rc8 13. Ne5 Nxe5 14. fxe5 Bg5
15. Rf3 Bc6 16. Ne2 f6 17. Raf1 Qe7 18. exf6 Rxf6 19. Nf4 Bxf4 20. exf4 Rff8
21. Re3 Qf6 22. Qb4 Kh8 23. Re5 Rfe8 24. Qe1 Bd7 25. Qe3 Rf8 26. g3 a6 27. h4
Rc6 28. h5 Be8 29. h6 Bf7 30. Qd2 Rfc8 31. a3 Qd8 32. Re2 Qf6 33. Qe3 Kg8 34.
g4 R6c7 35. Rff2 1/2-1/2

[Event "Balaguer op 14th"]
[Site "Balaguer"]
[Date "2009.07.15"]
[Round "3"]
[White "Girish, A Koushnik"]
[Black "Burmakin, Vladimir"]
[Result "1-0"]
[WhiteElo "2270"]
[BlackElo "2627"]
[PlyCount "92"]
[EventDate "2009.07.13"]
[EventType "swiss"]
[EventRounds "10"]
[EventCountry "ESP"]
[SourceTitle "CBM 131 Extra"]
[Source "ChessBase"]
[SourceDate "2009.09.03"]
[SourceVersion "2"]
[SourceVersionDate "2009.09.16"]
[SourceQuality "1"]

1. d4 d5 2. Nf3 c6 3. c4 e6 4. Nbd2 f5 5. g3 Nf6 6. Bg2 Bd6 7. O-O O-O 8. Ne5
Nbd7 9. Ndf3 Qc7 10. Nxd7 Bxd7 11. c5 Be7 12. Bf4 Qd8 13. Ne5 Be8 14. Nd3 Nd7
15. e3 g5 16. Be5 Nxe5 17. Nxe5 Bf6 18. f4 Bxe5 19. fxe5 Bg6 20. b4 b6 21. Qc1
Rb8 22. Rb1 Qe7 23. Rb3 b5 24. Ra3 Rb7 25. Ra6 Rc7 26. a4 bxa4 27. Rxa4 Rb8 28.
Qd2 Rcb7 29. Rfa1 a5 30. Rxa5 Rxb4 31. Ra7 Qf8 32. R7a2 Rb1+ 33. Bf1 f4 34.
exf4 gxf4 35. Qxf4 Qxf4 36. gxf4 Bd3 37. Rxb1 Rxb1 38. Rf2 Rd1 39. Kg2 Bf5 40.
Rb2 Rxd4 41. Rb6 Rxf4 42. Rxc6 Ra4 43. Rc8+ Kf7 44. c6 Ra2+ 45. Kg3 Rc2 46. c7
Kg7 1-0

[Event "Balaguer op 14th"]
[Site "Balaguer"]
[Date "2009.07.18"]
[Round "6"]
[White "Haslinger, Stewart"]
[Black "Girish, A Koushnik"]
[Result "0-1"]
[WhiteElo "2538"]
[BlackElo "2270"]
[PlyCount "79"]
[EventDate "2009.07.13"]
[EventType "swiss"]
[EventRounds "10"]
[EventCountry "ESP"]
[SourceTitle "CBM 131 Extra"]
[Source "ChessBase"]
[SourceDate "2009.09.03"]
[SourceVersion "2"]
[SourceVersionDate "2009.09.16"]
[SourceQuality "1"]

1. e4 e5 2. Nf3 Nc6 3. d4 exd4 4. Nxd4 Nf6 5. Nxc6 bxc6 6. e5 Qe7 7. Qe2 Nd5 8.
c4 Ba6 9. b3 g6 10. g3 Bg7 11. Bb2 O-O 12. Nd2 Nb4 13. Nf3 c5 14. Bg2 d5 15.
O-O Rae8 16. a3 Nc6 17. Nd2 Bxe5 18. Bxe5 Nd4 19. Qd1 Qxe5 20. Bxd5 Ne2+ 21.
Kg2 Nc3 22. Re1 Qd4 23. Qc2 Nxd5 24. cxd5 Bd3 25. Qc1 Qxd5+ 26. Kg1 Bf5 27. Qc3
Rd8 28. Nf1 Bh3 29. Ne3 Qf3 30. Qc2 Rd4 31. Qe2 Qb7 32. Rab1 Rfd8 33. Rb2 h5
34. f3 Rd3 35. Rd1 c4 36. b4 Re8 37. Rxd3 cxd3 38. Qf2 Qc6 39. Rb1 d2 40. Qxd2
0-1

[Event "Balaguer op 14th"]
[Site "Balaguer"]
[Date "2009.07.19"]
[Round "7"]
[White "Girish, A Koushnik"]
[Black "Javakhadze, Zurab"]
[Result "0-1"]
[WhiteElo "2270"]
[BlackElo "2309"]
[PlyCount "162"]
[EventDate "2009.07.13"]
[EventType "swiss"]
[EventRounds "10"]
[EventCountry "ESP"]
[SourceTitle "CBM 131 Extra"]
[Source "ChessBase"]
[SourceDate "2009.09.03"]
[SourceVersion "2"]
[SourceVersionDate "2009.09.16"]
[SourceQuality "1"]

1. d4 d5 2. Nf3 Nf6 3. c4 e6 4. Nc3 Be7 5. Bg5 O-O 6. e3 h6 7. Bh4 Ne4 8. Bxe7
Qxe7 9. cxd5 Nxc3 10. bxc3 exd5 11. Qb3 Rd8 12. c4 Be6 13. c5 b6 14. cxb6 axb6
15. Ne5 Qa3 16. Qc2 c5 17. Be2 Rc8 18. Qd2 c4 19. O-O Na6 20. f4 Bf5 21. Bf3
Nb4 22. g4 c3 23. Qg2 c2 24. gxf5 c1=Q 25. f6 Qaxe3+ 26. Kh1 g5 27. fxg5 hxg5
28. Bxd5 Qxa1 29. Bxf7+ Kh8 30. Rxa1 Rc1+ 31. Rxc1 Qxc1+ 32. Qg1 Qxg1+ 33. Kxg1
Rd8 34. Bb3 Kh7 35. a3 Na6 36. Nf7 Rxd4 37. Nxg5+ Kg6 38. f7 Rf4 39. Nh3 Rf6
40. Nf2 Nc5 41. Ng4 Rf4 42. Ne5+ Kg7 43. Bc2 Rf6 44. a4 Re6 45. Nd3 Re3 46. Nf4
Kxf7 47. Kf2 Ra3 48. Ke2 Nxa4 49. Kd2 Nc3 50. h4 Nb5 51. h5 Nd4 52. Bg6+ Kg7
53. Nd5 b5 54. Kc1 Ra2 55. Kb1 Rh2 56. Nb4 Kf6 57. Kc1 Ne2+ 58. Kb1 Nd4 59. Kc1
Ne6 60. Be8 Nc7 61. Bg6 Ke5 62. Kb1 Nd5 63. Nc6+ Kd6 64. Nd4 Kc5 65. Nf3 Rh1+
66. Kb2 Nf4 67. Be8 Nxh5 68. Nd2 Nf6 69. Bf7 Rh2 70. Kc1 Kb4 71. Be6 Kc3 72.
Nb1+ Kd3 73. Bf5+ Kd4 74. Nd2 Rf2 75. Bg6 b4 76. Bc2 Nd5 77. Bh7 Ne3 78. Bg6
Nc4 79. Nb1 b3 80. Kd1 Rg2 81. Bh7 Rg7 0-1

[Event "Dieren op"]
[Site "Dieren"]
[Date "2009.07.25"]
[Round "5"]
[White "Nijboer, Friso"]
[Black "Giri, Anish"]
[Result "0-1"]
[WhiteElo "2552"]
[BlackElo "2518"]
[Annotator "CB"]
[PlyCount "68"]
[EventDate "2009.07.21"]
[EventType "swiss"]
[EventRounds "9"]
[EventCountry "NED"]
[SourceTitle "CBM 131 Extra"]
[Source "ChessBase"]
[SourceDate "2009.09.03"]
[SourceVersion "2"]
[SourceVersionDate "2009.09.16"]
[SourceQuality "1"]

1. e4 c5 2. Nf3 e6 3. Nc3 Nc6 4. d4 cxd4 5. Nxd4 Qc7 6. Be3 a6 7. Qd2 Nf6 8.
O-O-O Be7 9. f3 h5 10. Qf2 d6 11. h3 b5 12. Nxc6 Qxc6 13. Bd3 h4 14. Kb1 b4 15.
Ne2 e5 16. Bg5 Nd7 17. Bxe7 Kxe7 18. Qe3 Qc5 19. Qd2 Nf6 20. Rhf1 Be6 21. f4 a5
22. fxe5 dxe5 23. Qg5 {Black is ready to start an attack on the queenside.
Nijboer is trying to create confusion:} Rh5 $1 24. Qd2 ({He cannot touch the
pawn:} 24. Qxg7 Ne8 25. Qg8 {the only square left for the queen.} f5 26. Qg6
Bf7 {and the lady is lost!}) 24... Rd8 25. Qc1 a4 26. Rf3 Rd6 (26... Nxe4 27.
Bxe4 Qc4 {threatening ...Qxa2#} 28. b3 Qxe4 29. Rxd8 Kxd8 30. Rd3+ {Anish Giri
said that he did not trust this variation entirely: "I thought it was
dangerous and could ruin my attack. Frisor was already in time trouble and
could not do much, so I decided to keep the pressure on."}) 27. Re1 Kf8 28. b3
Nd7 29. Ref1 f6 30. Qe1 Kf7 31. Rg1 Rh8 32. g3 Rc8 33. gxh4 {Has White managed
to create counterplay on the g-file? "No, I am much faster," said Giri.} axb3
34. Qg3 Rxd3 (34... Rxd3 35. Qxg7+ Ke8 36. Qh8+ Nf8 37. Qh5+ Bf7 {and Black
will now mate his opponent.}) 0-1

[Event "Enschede Twente op"]
[Site "Enschede"]
[Date "2009.08.04"]
[Round "5"]
[White "Giri, Anish"]
[Black "Kleijn, Christov"]
[Result "1-0"]
[WhiteElo "2518"]
[BlackElo "2377"]
[PlyCount "97"]
[EventDate "2009.07.31"]
[EventType "swiss"]
[EventRounds "9"]
[EventCountry "NED"]
[SourceTitle "CBM 131 Extra"]
[Source "ChessBase"]
[SourceDate "2009.09.03"]
[SourceVersion "2"]
[SourceVersionDate "2009.09.16"]
[SourceQuality "1"]

1. e4 c5 2. Nf3 d6 3. d4 cxd4 4. Nxd4 Nf6 5. Nc3 a6 6. Bg5 e6 7. f4 Be7 8. Qf3
Qc7 9. O-O-O Nbd7 10. g4 b5 11. Bxf6 Bxf6 12. g5 Bxd4 13. Rxd4 O-O 14. Be2 Bb7
15. Rhd1 Nc5 16. a3 Rac8 17. Kb1 Na4 18. Nxa4 Qxc2+ 19. Ka1 bxa4 20. Bd3 Qc5
21. Bb1 Rfd8 22. Qg3 Qb6 23. Qd3 Rc6 24. Qh3 Rc1 25. Qd3 Rxd1 26. Qxd1 d5 27.
Qd3 Qb5 28. Qh3 Qc5 29. Rb4 Bc8 30. exd5 g6 31. Qc3 Qxc3 32. bxc3 Rxd5 33. Rc4
Bd7 34. Rd4 Bb5 35. Rxd5 exd5 36. Ba2 Bc6 37. Kb2 Kf8 38. Kc2 Ke7 39. Kd3 a5
40. c4 Ke6 41. c5 Kf5 42. Kd4 Ke6 43. Bb1 Bb5 44. Bd3 Bc6 45. Ke3 Bd7 46. Bf1
Bc6 47. Bh3+ Ke7 48. Bg4 f6 49. Kd4 1-0

[Event "Enschede Twente op"]
[Site "Enschede"]
[Date "2009.08.05"]
[Round "6"]
[White "Moranda, Wojciech"]
[Black "Giri, Anish"]
[Result "1/2-1/2"]
[WhiteElo "2545"]
[BlackElo "2518"]
[PlyCount "96"]
[EventDate "2009.07.31"]
[EventType "swiss"]
[EventRounds "9"]
[EventCountry "NED"]
[SourceTitle "CBM 131 Extra"]
[Source "ChessBase"]
[SourceDate "2009.09.03"]
[SourceVersion "2"]
[SourceVersionDate "2009.09.16"]
[SourceQuality "1"]

1. d4 d5 2. c4 c6 3. Nc3 Nf6 4. e3 a6 5. Qc2 e6 6. Nf3 c5 7. cxd5 exd5 8. Be2
Nc6 9. Ne5 cxd4 10. Nxc6 bxc6 11. exd4 Bd6 12. O-O O-O 13. Bg5 h6 14. Bh4 Re8
15. Bg3 Bxg3 16. hxg3 c5 17. dxc5 Qa5 18. Bf3 Qxc5 19. Rac1 Be6 20. Nxd5 Qxc2
21. Nxf6+ gxf6 22. Rxc2 Rac8 23. Rd2 Bxa2 24. Ra1 Bc4 25. Rd4 Bb5 26. b4 Rc4
27. Rxc4 Bxc4 28. Rc1 Bb5 29. Bd5 Rd8 30. Rc5 Kg7 31. g4 Rd7 32. Kh2 Re7 33.
Kg3 Re5 34. f3 Bd7 35. Bb7 Rxc5 36. bxc5 a5 37. c6 Be6 38. f4 a4 39. f5 Bd5 40.
Ba8 Bc4 41. Bb7 Bb5 42. c7 Bd7 43. Bc6 Bc8 44. Bxa4 Kf8 45. Kh4 Kg7 46. Kh5 Kh7
47. Bb3 Kg7 48. Bd5 Ba6 1/2-1/2

[Event "Enschede Twente op"]
[Site "Enschede"]
[Date "2009.08.08"]
[Round "9"]
[White "Giri, Anish"]
[Black "Pruijssers, Roeland"]
[Result "1/2-1/2"]
[WhiteElo "2518"]
[BlackElo "2401"]
[PlyCount "145"]
[EventDate "2009.07.31"]
[EventType "swiss"]
[EventRounds "9"]
[EventCountry "NED"]
[SourceTitle "CBM 131 Extra"]
[Source "ChessBase"]
[SourceDate "2009.09.03"]
[SourceVersion "2"]
[SourceVersionDate "2009.09.16"]
[SourceQuality "1"]

1. e4 e5 2. Nf3 Nc6 3. Bb5 a6 4. Ba4 Nf6 5. O-O Be7 6. Re1 b5 7. Bb3 d6 8. c3
O-O 9. d4 Bg4 10. d5 Na5 11. Bc2 c6 12. h3 Bc8 13. dxc6 Qc7 14. Nbd2 Qxc6 15.
Nf1 Nc4 16. a4 Be6 17. Ng5 Bd7 18. Ng3 Rfe8 19. Qe2 Bf8 20. Bd3 Na5 21. Nh5 Be7
22. Nxf6+ Bxf6 23. axb5 axb5 24. Qh5 Bxg5 25. Bxg5 f6 26. Bc1 Nb3 27. Rxa8 Rxa8
28. Qe2 Ra1 29. Be3 Rxe1+ 30. Qxe1 Nc5 31. Bc2 Nxe4 32. Qb1 f5 33. f3 Ng3 34.
Kh2 Qc4 35. Bd3 Qf7 36. Kxg3 f4+ 37. Kf2 fxe3+ 38. Kxe3 Qf4+ 39. Ke2 h5 40.
Qa2+ Kf8 41. Qa7 Qf7 42. Qc7 Qe6 43. Qd8+ Kf7 44. h4 g6 45. Kf2 d5 46. Qc7 Qe7
47. g3 d4 48. cxd4 exd4 49. Qf4+ Qf6 50. Qxf6+ Kxf6 51. b4 g5 52. f4 gxf4 53.
gxf4 Bc6 54. Be2 Kf5 55. Kg3 Be8 56. Bd3+ Kf6 57. Be4 Bg6 58. Bc6 d3 59. Bxb5
d2 60. Ba4 Bf5 61. Kf2 Bg4 62. b5 Bd7 63. Bd1 Bxb5 64. Bc2 Bd3 65. Bd1 Bb5 66.
Kf3 Bc4 67. Ke3 Kf5 68. Bxh5 Bb3 69. Kxd2 Kxf4 70. Be2 Bf7 71. Kd3 Kg3 72. h5
Bxh5 73. Bxh5 1/2-1/2